000 00651nam a22001937a 4500
005 20170817141426.0
010 _aENG-119787
020 _a9789386720023
_c1495.00
035 _aEN-103319
037 _bDBAD/PUB
082 _a355.070954
245 _aDefence import and made in India /
_cedited by Nabam Nato
260 _aGhaziabad
_bRathore Publishers and Distributors
_c2018
270 _aBasement-260, Shaktikhand-III, Indrapuram,
_bGhaziabad (UP)
_e201010
300 _avii,256p. :
_c23cm(Hb)
_bill.
500 _aIncludes bibliographical references and index
700 _aNato, Nabam
942 _2ddc
_cEN
_h355.070954
_mDEF
999 _c143477
_d143477